000 00478nam a2200169Ia 4500
999 _c1102
_d1102
003 OSt
005 20200930125855.0
008 190216s9999||||xx |||||||||||||| ||und||
040 _coclc
082 _a634.44
_bKAC/M
100 _aKachroo, P
_95209
245 0 _aThe Mango A Handbook /
_cP Kachroo
260 _bIndian Council Of Agri Research,
_c1967.
_aNew Delhi:
300 _a210p
650 _aBotany
942 _cBK
_2ddc
_h634.44
_iKAC/M
_k634.44
_mKAC/M